| 000 | 00978nam a2200289 a 4500 | ||
|---|---|---|---|
| 001 | 000012311 | ||
| 003 | DO-SdBNP | ||
| 005 | 20180409113118.0 | ||
| 007 | 000012311 | ||
| 008 | 091111s1999 dr ac 001 0 spa d | ||
| 040 |
_aBPMSU _bspa _cBPMSU |
||
| 082 | 0 | 4 |
_a923.2 _bM297E, 2005 |
| 100 | 1 |
_aEncarnación V., Ramón E. _d1956- |
|
| 245 | 1 | 0 |
_aMaquiavelo, Fouché y Balaguer / _bRamón E. Encarnación |
| 260 |
_aSanto Domingo : _bEditora Wilmer, _c1999 |
||
| 300 |
_a190 p. : _bil., retrs. ; _c21 cm. |
||
| 600 | 1 | 4 |
_aBALAGUER, JOAQUÍN, _d1906-2002 |
| 600 | 1 | 4 |
_aMAQUIAVELO, NICOLÁS, _d1469-1527 |
| 600 | 1 | 4 |
_aFOUCHÉ, JOSEPH, _cDUQUE DE OTRANTO, _d1759-1820 |
| 910 | _aValidado. Control de calidad MFF | ||
| 942 |
_2ddc _cBK |
||
| 945 | _aRemanejado para la BNPHU / BT | ||
| 956 |
_aAVARGAS _b10 _c20091111 _lBND01 _h0950 |
||
| 956 |
_aVMATEO _b10 _c20091113 _lBND01 _h1159 |
||
| 956 |
_aYPOLANCO _b04 _c20110617 _lBND01 _h1039 |
||
| 956 |
_aVMATEO _b10 _c20150907 _lBPMSU _h00151 |
||
| 999 |
_c7458 _d7458 |
||